000 00980nam2a22002531 4500
001 RU\NLR\INFOCOMM19\1000031992
005 20250617151156.0
035 _a(NLR Aleph) 002737790
090 _a2024810
_c2024810
100 _a20040202d1915 |||y0rusy50 ca
101 0 _arus
102 _aRU
105 _ay |||||||||
200 1 _aИстория сиогуната в Японии
_hКн.5
_fРай дзио Сисей
210 _d1915
_aБ. м.
461 0 _1001RU\NLR\INFOCOMM19\1000031913
_12001#$aИзвестия Восточного института$vГ.14 1912/1913, Т.50
_92024181
_aВосточный институт (Владивосток)
_cВладивосток
_d1900-1921
_tИзвестия Восточного института
_vГ.14 1912/1913, Т.50
701 0 _aРай Дзио Сисей
_4070
801 1 _aRU
_bInfoComm
_c20040202
801 0 _aRU
_bNLR
_gPSBO
852 _aNLR
_j2/664
942 _cISSUE
980 _aNB
980 _aRUSPER